Les Champs-Élysées - Joe Dassin - Statistiques

Statistiques générales
  • Ce quiz a été pris 289 fois
  • Le résultat moyen est 173 sur 208
Statistiques - réponses
Hint Réponse % Correct
à
98%
a
98%
A
98%
Au
97%
au
97%
la
97%
ce
95%
Refrain Aux
94%
aux
94%
Champs-Élysées
94%
ou
94%
Couplet Je
93%
je
93%
Il
92%
le
91%
et
90%
Et
90%
de
89%
sous
89%
sur
89%
midi
88%
minuit
88%
qui
88%
soleil
88%
l'avenue
87%
pluie
87%
tout
87%
que
86%
vous
86%
y
86%
n'importe
85%
N'importe
85%
toi
85%
coeur
84%
fut
84%
l'inconnu
84%
voulez
84%
ouvert
83%
par
83%
quoi
82%
dit
81%
bonjour
80%
dire
79%
t'ai
79%
te
79%
envie
78%
j'avais
78%
pour
78%
On
77%
on
77%
un
77%
m'baladais
76%
parler
75%
t'apprivoiser
75%
dans
74%
des
74%
du
74%
pas
74%
matin
73%
suffisait
73%
Couplet 2 Tu
72%
chanté
71%
soir
71%
avec
69%
dansé
69%
même
69%
pensé
69%
s'embrasser
68%
fous
67%
m'as
67%
main
66%
rendez-vous
64%
guitare
63%
J'ai
63%
Alors
61%
sous-sol
61%
l'on
60%
nuit
58%
accompagnée
57%
deux
56%
Deux
56%
amoureux
54%
Couplet 3 Hier
53%
Concorde
51%
les
51%
longue
51%
vivent
51%
inconnus
50%
étourdis
49%
cordes
48%
chantent
47%
jour
47%
l'Étoile
47%
l'amour
46%
mille
46%
orchestre
44%
Tous
42%
oiseaux
34%
point
31%
Aucun quiz correspondant
Distribution des résultats
% des personnes avec chaque résultat
Percentile par nombre de réponses
Votre historique - résultats
Vous n’avez pas pris ce quiz